| 000 | 00798nam a2200169 i 4500 | ||
|---|---|---|---|
| 001 | 24492 | ||
| 003 | ES-MaACL | ||
| 007 | t| | ||
| 008 | 021217s1888 sp ||||1| spa d | ||
| 245 | 0 | 0 | _aActa de la sesión pública inaugural que la Academia Médico-Farmacéutica de Barcelona celebró el día 26 de enero de 1889. |
| 260 |
_aBarcelona : _b[s.n.], _c1889 ( _fEst. tip. de la Casa Provincial de Caridad) |
||
| 300 |
_a44 p. ; _c27 cm. |
||
| 505 | 8 | _aContine: Memoria sobre los trabajos, estado y progreso de la Academia Médico-Farmacéutica de Barcelona durante el año 1888 leída en la sesión inaugural de 1889 / por Estanislao Andreu y Serra | |
| 700 | 1 |
_aAndreu y Serra, Estanislao. _921655 |
|
| 710 | 2 |
_aAcademia Médico-Farmacéutica de Barcelona. _91206 |
|
| 852 |
_aES-MaACL _jT-524-F-11 |
||
| 999 |
_c24492 _d24492 |
||